| 000 | 00663nam a22001817a 4500 | ||
|---|---|---|---|
| 020 | _qHard Cover. | ||
| 082 | _a004 | ||
| 100 | _aNaveed, Adnan, Ammar Malik, Owais Haleem, Hummad Ahmed | ||
| 245 |
_aTotal Quality Management Customer Satisfaction / _cAdnan Naveed, Ammar Malik, Owais Haleem, Hummad Ahmed |
||
| 260 |
_aIslamabad : _bSEECS - NUST, _c2010. |
||
| 300 |
_a32 p. : ill. ; _c30cm. |
||
| 563 | _aa | ||
| 650 |
_aComputer Science Engineering-Project Report _931419 |
||
| 700 |
_aMuhammad Yousaf. _915771 |
||
| 856 | _uhttp://10.250.8.41:8080/xmlui/handle/123456789/28323 | ||
| 942 |
_2ddc _cPR |
||
| 999 |
_c540625 _d540625 |
||